=LDR 00000nam 2200000 4500 =001 INLIS000000000007597 =005 20200911100752 =035 ##$$a 0010-061300000007597 =008 200911################g##########0#ind## =041 ##$$a Ind =082 ##$$a 305.4 =090 ##$$a 954, Shi b =100 ##$$a Shiva, Vandana =245 1#$$a Bebas dari pembangunan : $b Perempuan, ekologi dan perjuangan hidup di India /$c Vandana Shiva =260 ##$$a Jakarta :$b Yay. Obor Indonesia,$c 1998 =300 ##$$a xxxix, 284 hlm. : $b ilus ; $c 14,5x21 cm. =650 #4$$a India - Keadaan Sosial =850 ##$$a NBPNMAT =020 ##$$a 979-461-286-3 =084 ##$$a 305.4 SHI b =990 ##$$a 128.976/pro.98 =990 ##$$a 128.975/Pro.98 =990 ##$$a 20616523 =990 ##$$a 20616520